[Event "Mittelrhein Verbandsliga-O 1112"]
[Site "Germany"]
[Date "2011.11.13"]
[Round "3"]
[White "Peters, Uwe"]
[Black "Schniggenberg, Gerd"]
[Result "0-1"]
[WhiteElo "1541"]
[BlackElo "1905"]
[PlyCount "68"]
[EventDate "2011.09.18"]
[EventType "team-tourn"]
[EventRounds "11"]
[EventCountry "GER"]
[SourceTitle "EXT 2013"]
[Source "ChessBase"]
[SourceDate "2012.11.22"]
[SourceVersion "1"]
[SourceVersionDate "2012.11.22"]
[SourceQuality "1"]
[WhiteTeam "Rheinbacher SF"]
[BlackTeam "Godesberg IV"]
[WhiteTeamCountry "GER"]
[BlackTeamCountry "GER"]

1. d4 d5 2. c4 e6 3. e3 Nf6 4. Nc3 c6 5. Nf3 Be7 6. cxd5 exd5 7. Bd3 Bg4 8. h3 Bh5 9. g4 Bg6 10. Ne5 Nbd7 11. f4 Bxd3 12. Qxd3 Bb4 13. Bd2 Bxc3 14. Bxc3 Ne4 15. Nxd7 Qh4+ 16. Ke2 Qf2+ 17. Kd1 Qg2 18. Rf1 Kxd7 19. Qe2 Qxe2+ 20. Kxe2 Ng3+ 21. Kf3 Nxf1 22. Rxf1 h5 23. g5 Ke6 24. Kg3 Kf5 25. h4 Ke4 26. Bd2 Rhe8 27. f5 Kd3 28. Bc1 Re4 29. b3 Rae8 30. Rf4 Rxf4 31. exf4 Ke4 32. f6 g6 33. Bb2 Kf5 34. Kf3 Re4 0-1